Изкуството да говорим (Запис номер 155246)
[ съкратено ]
| 000 -Лидер | |
|---|---|
| Контролно поле с фиксирана дължина | 01857nam a2200397 c 4500 |
| 003 - Код на организацията, давaща контролен номер | |
| Контролно поле | BLK |
| 005 - Дата и час на последна редакция | |
| Контролно поле | 20241129141238.0 |
| 008 - Елементи от данни с фиксирана дължина | |
| fixed length control field | 180410b bul|||||r ||||||| ||bul|| |
| 010 ## - Наследен системен номер | |
| LC control number | KNG00161920000 |
| 020 ## - Международен стандартен номер на книга ISBN | |
| Международен стандартен номер на книга ISBN | 978-954-783-171-1 |
| -- | издат.: Locus |
| 040 ## - Източник на каталожния запис | |
| Идентификатор на билиотеката - собственик на записа | BLK |
| 041 ## - Код за език | |
| Код за езика на текст/звукозапис или на отделно заглавие | Български |
| Код за езика КДБФ | Български |
| 072 #7 - Код за тематичната категория | |
| Код организация | bullib |
| Код за тематична категория | Н82 |
| Текст | Литературознание Н |
| 080 ## - УДК | |
| Текстов определител УДК | Ораторско изкуство. Красноречие. Дебати. Публични дискусии. Психология на слушателя |
| УДК код - определител по УДК | 808.51 |
| УДК определител | (035) |
| УДК - код + определител | 808.51(035) |
| 100 1# - Редна дума - Автор | |
| Автор | Джанър, Гренвил |
| Авторска отговорност | първи автор |
| R(LIN) | 60561 |
| 139 ## - Редно поле | |
| Редна дума | Джанър, Гренвил |
| Авторски знак | Дж - Д 49 |
| 245 10 - Сведения за заглавието | |
| Заглавие | Изкуството да говорим |
| Подзаглавни данни | Универсален наръчник по словесно майсторство : С разширен компедиум от истории за преразказване |
| Редно поле (дума) | Гренвил Джанър; прев. Александра Павлова. |
| 257 ## - Страна на издаване | |
| Страна на създаване/издаване | Великобритания |
| 260 ## - Област на издателските данни | |
| -- | София |
| Име на издателя, разпространителя и проч. | Locus |
| Година на издаване | 2014 |
| Печатница | София : ПК Д. Благоев |
| 300 ## - Физическа характеристика | |
| Страници | 456 с. |
| Размери/Мащаб | 21 см |
| 380 ## - Жанр | |
| Жанр | Литературознание |
| 500 ## - Общи забележки | |
| Забележка | Ориг. загл. Janner's Complete Speechmaker / Greville Janner. - За автора. |
| 650 #4 - Допълнително описание по предмет – тема | |
| Основно описание – тема или топоним | Реторика |
| 9 (RLIN) | 169373 |
| 650 #4 - Допълнително описание по предмет – тема | |
| Основно описание – тема или топоним | Ораторско изкуство - наръчници и ръководства |
| 9 (RLIN) | 259327 |
| 653 ## - Ключова дума – ненормативна | |
| Ключова дума | реторика |
| 653 ## - Ключова дума – ненормативна | |
| Ключова дума | ораторско изкуство |
| 653 ## - Ключова дума – ненормативна | |
| Ключова дума | ръководства |
| 659 ## - Тематичен бюлетин | |
| Тематичен бюлетин | Н |
| 700 1# - Други автори (авторска отговорност) | |
| Лично име | Павлова, Александра |
| Автороска отговорност (Описва отношението между автора и произведението) | прев. |
| 9 (RLIN) | 370406 |
| 852 ## - Местоположение | |
| Форматна сигнатура | Цб 269300 |
| 856 4# - Електронен адрес и достъп | |
| Електронен формат | pdf - файл |
| Път до файла /url/ | |
| 856 4# - Електронен адрес и достъп | |
| Електронен формат | pdf - файл |
| Път до файла /url/ | |
| 942 ## - АРТИКУЛИ | |
| Вид на библиотечния материал | Книги |
| Скрит в OPAC | Не |
| Koha issues (borrowed), all copies | 11 |
| 944 ## - СЪЗДАВАНЕ И РЕДАКЦИЯ на ЗАПИСА | |
| Създаване/Редакция | Създаване |
| Дата на регистрацията/редакция | 11.06.2014 |
| Статус, дата на статуса | Ренета Константинова |
| Служител, извършил регистрацията/редакцията | 30546 |
| 944 ## - СЪЗДАВАНЕ И РЕДАКЦИЯ на ЗАПИСА | |
| Създаване/Редакция | Редакция |
| Дата на регистрацията/редакция | 14.10.2016 |
| Статус, дата на статуса | ф / |
| Служител, извършил регистрацията/редакцията | Пенка_Димитрова |
| 999 ## - СИСТЕМНИ КОНТРОЛНИ НОМЕРА | |
| Koha biblionumber | 155246 |
| Koha biblioitemnumber | 155246 |
| Код за отписване | Код за изгубен артикул | Източник на класификационната схема | Код за повреда | Коз за рестрикции | Код за отдаване | Артикулен № | Име на библиотеката - собственик | Име на библиотеката, в която се намира в момента | Статус (Текущо местоположение) | Дата на вписване в системата | Местоположение - отдел | Цена в лева | Инвентарен номер | Систематично азбучна сигнатура | Баркод | Номер на екземпляра | Цена в евро | Служебна бележка | Служебен тип на артикула |
|---|---|---|---|---|---|---|---|---|---|---|---|---|---|---|---|---|---|---|---|
| Не е изгубен | Universal Decimal Classification | Не е повреден | без рестрикции | заемане за дома | 260315 | Регионална библиотека "Любен Каравелов" Русе | Регионална библиотека "Любен Каравелов" Русе | Заемна - подръчен фонд | 2014-06-12 | Заемна - подръчен фонд | 19.90 | 120000778163 | 82.01/.09/Д 49 | 120000778163 | 1 | 10.17 | Дост: Pk Вид: Ф N: 400 Дата: 09.06.2014 Дата инв: 08.02.2018 Бележки инв: П2018 | Книги | |
| Не е изгубен | Не е повреден | без рестрикции | ползва се в читалня | 260316 | Регионална библиотека "Любен Каравелов" Русе | Регионална библиотека "Любен Каравелов" Русе | Хранилище | 2016-10-14 | Хранилище | 19.90 | 120000804688 | Цб 269300 | 120000804688 | 2 | 10.17 | Дост: Dp Вид: Д N: 37 Дата: 19.08.2016 | Книги |